000 00608nam a2200229Ia 4500
003 OSt
005 20220918225547.0
006 a|||||r|||| 00| 0
007 ta
008 220917b |||||||| |||| 00| 0 eng d
024 _a242,553
037 _cTextual
040 _aARTS
_cARTS
_beng
041 _2eng
_aeng
082 _aNW44wN33, N7
100 _aAkbar Khatija
_9150658
245 0 _aMadhbala her life her films
260 _aNew Delhi
_bUSB Publishers Distributors LTD.
_c1997
650 _aARTS
942 _hNW44wN33, N7
_cTEXL
_2CC
999 _c285039
_d285039